Estrés, memoria y trastornos asociados. Implicaciones en el daño cerebral y el envejecimiento

সংরক্ষণ করুন:
গ্রন্থ-পঞ্জীর বিবরন
প্রধান লেখক: Sandi, Carmen (Author), Venero, César (Author), Cordero, María Isabel (Author)
বিন্যাস: গ্রন্থ
ভাষা:স্প্যানিশ
প্রকাশিত: Barcelona Ariel 2001
সংস্করন:1a. ed
মালা:Ariel Neurociencia
বিষয়গুলি:
ট্যাগগুলো: ট্যাগ যুক্ত করুন
কোনো ট্যাগ নেই, প্রথমজন হিসাবে ট্যাগ করুন!

MARC

LEADER 00000nam a2200000 a 4500
001 UCI3022
003 CL-VaPUC
008 071012e20010000SP |||||||||||||||||spa|d
020 |a 8434408880 
082 0 4 |a 616.8521  |b SAN  |2 21 
100 0 |a Sandi, Carmen  |e author  |9 524322 
700 0 |a Venero, César  |e author  |9 524323 
700 0 |a Cordero, María Isabel  |e author  |9 524324 
245 1 0 |a Estrés, memoria y trastornos asociados. Implicaciones en el daño cerebral y el envejecimiento 
250 |a 1a. ed 
300 |a 456 p 
942 |c BK 
945 |d 20071012 00:00:00  |a rbrito 
260 |a Barcelona  |b Ariel  |c 2001 
650 7 |a STRESS PSICOLOGICOS  |2 CL-VaPUC  |9 524325 
650 0 |a Ansiedad  |9 307519 
650 7 |a EFECTOS PSICOLOGICOS  |2 CL-VaPUC  |9 336467 
650 7 |a FATIGA MENTAL  |2 CL-VaPUC  |9 524326 
650 0 |a Memoria  |9 266549 
650 7 |a TRASTORNO EMOCIONALES  |2 CL-VaPUC  |9 524327 
650 0 |a Sistema nervioso  |9 266815 
650 7 |a PROCESOS MENTALES  |2 CL-VaPUC  |9 370472 
650 0 |a Neurología   |9 269802 
650 0 |a Enfermedad de Alzheimer  |9 473258 
650 0 |a Psicopatología   |9 307473 
650 0 |a Personalidad   |9 307255 
583 |a last modification  |c 20071012 00:00:00  |k Rodrigo Vera 
490 0 |a Ariel Neurociencia 
999 |c 327419  |d 327417 
952 |0 0  |1 0  |4 0  |6 616_852100000000000_SAN_2001  |7 0  |8 A  |9 410242  |a BIBEDU  |b BIBEDU  |c ES_NOD  |d 2019-11-22  |i 4378407  |o 616.8521 SAN 2001  |p 4378407  |r 2023-08-09  |w 2019-11-22  |y BK  |k PSI